مكتبة جامعة عجلون الوطنية

فهرس بحث المكتبة

Normal view MARC view
  • التوحيد - الاسلام - دفع مطاعن - القران - دفع مطاعن

Entry Topical Term

Number of records used in: 1

001 - CONTROL NUMBER

  • control field: 49115

003 - CONTROL NUMBER IDENTIFIER

  • control field: JO-AjAnu

005 - DATE AND TIME OF LATEST TRANSACTION

  • control field: 20230606082109.0

008 - FIXED-LENGTH DATA ELEMENTS

  • fixed length control field: 230606|| aca||aabn | a|a d

040 ## - CATALOGING SOURCE

  • Original cataloging agency: JO-AjAnu
  • Transcribing agency: JO-AjAnu

150 ## - HEADING--TOPICAL TERM

  • Topical term or geographic name entry element: التوحيد - الاسلام - دفع مطاعن - القران - دفع مطاعن

670 ## - SOURCE DATA FOUND

  • Source citation: Work cat.: (JO-AjAnu)25120: الكناني، أبي الحسن عبد العزيز بن يحيى بن عبد العزيز ابن مسلم بن ميمون الكناني المكي, author 49114, الحيدة والاعتذار في الرد من قال بخلق القرآن